00000000nam##2200000za#4500
0019.658329
003CaOODSP
00520200401063040
007ta
008150407|1996||||xxc|||||     f|0| 0 eng|d
020 |a0-662-62274-X
040 |aCaOODSP|beng
041 |aeng
041 |afre
043 |an-cn---
0861 |aR63-210/1996
1101 |aCanada.|bCanadian Heritage. |bParks Canada.
24510|aFederal Heritage Building Review Office (FHBRO) code of practice / |cby Herb Stovel and Julian Smith, Heritage Conservation Program, Real Property Services.
260 |aOttawa - Ontario : |bCanadian Heritage. |c1996.
300 |aEnglish text, 49p. : |bfigs., illus. ; |c28 cm.
500 |aContents: Development of the code of practice.--Introduction to the code of practice.--Policy framework.--Management framework.--Heritage character.--Heritage conservation principles.--Intervention guidelines: Maintenance and repair; Use and occupancy; Additions and alterations; Accessibility; Health and safety; Energy management; Human comfort; Site and setting; realty management.
546 |aBilingual
563 |aSoftcover
590 |a96-19|b1996-05-10
69007|aCultural heritage|2gcpds
69007|aPublic buildings|2gcpds
7201 |aStovel, Herb
7201 |aSmith, Julian
7760#|tCode de pratique du BEEFP / |w(CaOODSP)9.642283
7760#|tFHBRO code of practice / |w(CaOODSP)9.698271
792 |tBureau d'examen des édifices fédéraux du patrimoine (BEEFP): code de pratique du BEEFP / |efre|w(CaOODSP)9.658330